Realidad de la concentración parcelaria : nuevos títulos de propiedad nuevos títulos de propiedad
Descripción Física:
184 p. : il. ; 25 cm
MARC
| LEADER | 00000nam a2200000Ia 4500 | ||
|---|---|---|---|
| 001 | 20666 | ||
| 008 | 160829s1957 xx 000 0 cat d | ||
| 080 | |a C-3-103 | ||
| 245 | |a Realidad de la concentración parcelaria : |b nuevos títulos de propiedad | ||
| 260 | |a Madrid : |b Ministerio de Agricultura. Servicio de Concentración Parcelaria, |c 1957 | ||
| 300 | |a 184 p. : |b il. ; |c 25 cm | ||
| 650 | |a Agricultura |x Espanya |9 38572 | ||
| 651 | 0 | |a Espanya |x Política agrícola |9 55193 | |
| 700 | |a Espanya. Ministerio de Agricultura. Servicio de Concentración Parcelaria |9 38573 | ||
| 901 | |a Arxiu | ||
| 942 | |n 1 | ||
| 952 | |0 0 |1 0 |4 0 |6 C3103 |7 1 |9 48476 |a Arxiu |b Arxiu |d 2016-12-01 |l 0 |o C-3-103 |p 20666 |r 2016-12-01 00:00:00 |w 2016-12-01 |y ARXIU | ||
| 999 | |c 52305 |d 52305 | ||